| 000 | 01458cam a22003251i 4500 | ||
|---|---|---|---|
| 003 | SA-RiAUC | ||
| 005 | 20241231123032.0 | ||
| 008 | 240918s2002 ua g 000 0 ara c | ||
| 020 | _a9775704723 (مج. 1) | ||
| 020 | _a9775704731 (مج. 2) | ||
| 020 | _a997570474x (مج. 3) | ||
| 040 |
_aMA-HhKAF _bara _cSA-RiAUC. _erda |
||
| 072 | 7 | _aMAI | |
| 082 | 0 | 4 | _a251.1 |
| 090 |
_a251.1 _bص ر ص |
||
| 100 | 1 |
_aالصرصري، سليمان بن عبد القوي بن عبد الكريم، _d657-716 هجري _eمؤلف. |
|
| 245 | 1 | 2 |
_aالإشارات الإلهية إلى المباحث الأصولية / _cنجم الدين أبو الربيع سليمان بن عبد القوي بن عبد الكريم الطوفي ؛ أعده للنشر أبو عاصم حسن بن عباس بن قطب. |
| 250 | _aالطبعة الاولى | ||
| 264 | 1 |
_aالقاهرة : _bالفاروق الحديثة للطباعة والنشر، _c2002 |
|
| 300 |
_a3مجلدات ؛ _c24 سم |
||
| 336 |
_aنص _btxt _2rdacontent _3كتاب |
||
| 337 |
_aبدون وسيط _bn _2rdamedia |
||
| 338 |
_aمجلد _bnc _2rdacarrier |
||
| 500 | _aيطبع لأول مرة محققا على عدة نسخ خطية. | ||
| 650 | 7 |
_aالقواعد الفقهية _2aucsh |
|
| 650 | 7 |
_aأصول الفقه الإسلامي _2aucsh |
|
| 700 | 1 |
_aابن قطب، أبو عاصم حسن بن عباس _eمعد. |
|
| 942 |
_2ddc _cBOOK |
||
| 949 |
_aSA-JeALM _d240918 _ukhaled123 _n1 |
||
| 999 |
_c426 _d426 |
||